00728nam a2200193 4500010001500000020002700015035001400042037001300056082001000069100002600079245009600105260004600201270007100247300002000318700002500338942002400363999001900387952012800406 aENG-139614 a9789386392732c1050.00 aEN-123146 bDBAD/PUB a230.1 aMcgrath, Kevin963087 aRaja Yudhisthira:bKingship in Epic MahabhartacBy Kevin McGrath ; Foreword by Gregory Nagy aHyderabadbOrient Blackswan Pvt Ltdc2017 a3-6-752 Himayatnagar,bHyderabade500029minfo@orientblackswan.com a246p.c24cm(HB) aNagy, Gregory963009 2ddccENh230.1mMCG c201338d201338 001040708NFICaLbLd2024-03-11eDBADg1050.00l0o230.1 MCGpEN-123146r2024-03-11 00:00:00t1v1050.00w2024-03-11yEN